000 00517nam a22001937a 4500
005 20251108164743.0
008 250721s1987 xx 000 0 ara d
082 1 4 _a811.9562/كما
100 1 _aجنبلاط، كمال
245 1 0 _aالسلام أناندا /
250 _aط2.
264 1 _aبيروت :
_bالدار التقدمية،
_c1987.
300 _a104ص
650 1 7 _aالشعر العربي
650 1 7 _aالعصر الحديث
650 1 7 _aلبنان
942 _2ddc
_cBK
999 _c13521
_d13521